Historie mezinárodního práva a jeho vědy

Guardado en:
Detalles Bibliográficos
Autor principal: David, Vladislav
Formato: Libro
Lenguaje:checo
Publicado: Praha Aleko 1991
Colección:Prameny a nové proudy právní vědy
Materias:
Etiquetas: Agregar Etiqueta
Sin Etiquetas, Sea el primero en etiquetar este registro!

MARC

LEADER 00000nam a2200000 4500
001 c003460
005 20250929124055.9
020 |a 80-85341-20-4 
041 0 |a cze 
044 |a CZ 
245 1 0 |a Historie mezinárodního práva a jeho vědy  |c Vladislav David 
264 1 |a Praha  |b Aleko  |c 1991 
300 |a 89 s. 
490 1 |a Prameny a nové proudy právní vědy 
830 0 |a Prameny a nové proudy právní vědy 
610 2 0 |a právo medzinárodné 
610 2 0 |a veda 
610 2 0 |a história 
100 1 |a David, Vladislav